Lyrics - Billy Joel - Miami 2017 (Seen the Lights Go Out on Broadway) - Statistics

General Stats
  • This quiz has been taken 163 times
  • The average score is 168 of 238
Answer Stats
Answer % Correct
I
100%
go
99%
a
98%
on
98%
out
98%
the
98%
Broadway
97%
Seen
97%
seen
97%
lights
96%
we
91%
I've
89%
saw
87%
in
83%
they
83%
went
82%
all
80%
and
80%
Empire
79%
no
79%
to
79%
State
78%
low
75%
that
73%
there
73%
not
72%
it
70%
show
70%
down
68%
ago
67%
but
67%
at
66%
Brooklyn
66%
for
66%
my
66%
right
66%
many
65%
up
65%
with
65%
Harlem
64%
before
63%
long
63%
Spanish
62%
watch
62%
feet
61%
who
61%
civil
60%
street
60%
are
59%
ruins
59%
war
59%
were
59%
churches
58%
like
58%
time
58%
way
58%
yankees
58%
burned
57%
Florida
57%
here
57%
so
57%
you
57%
Bronx
56%
our
56%
sea
56%
still
56%
was
56%
away
55%
blew
55%
bought
55%
left
55%
over
55%
power
55%
say
55%
took
55%
free
54%
remember
54%
survive
54%
bridges
53%
know
53%
life
53%
mafia
53%
Manhattan
53%
Mexico
53%
Queens
53%
turned
53%
us
53%
years
53%
concert
52%
island
52%
laid
52%
one
52%
blow
51%
didn't
51%
held
51%
never
51%
beyond
50%
handful
50%
notice
50%
tell
50%
almost
49%
always
49%
union
49%
carrier
48%
could
48%
lived
48%
memory
48%
said
48%
second
48%
stay
48%
strike
48%
keep
47%
underground
47%
alive
46%
from
46%
Palisades
46%
sailed
46%
sank
46%
those
46%
cared
45%
drove
45%
fall
44%
picked
44%
really
44%
about
43%
sent
43%
world
43%
everywhere
42%
flames
42%
skyline
42%
Cadilacs
40%
waiting
40%
mighty
39%
bright
38%
fourty
38%
battery
36%
We'd
35%
boats
23%
Norfork
6%
No matching quizzes found
Score Distribution
Percent of People with Each Score
Percentile by Number Answered
Your Score History
You have not taken this quiz